Дело о выкупе земельных наделов временнообязанными крестьянами К.Н. Франчковской и З.А. Ленской села Ивановского Болховского уез...

Доступно только в Электронных читальных залах Найти на картеНа карте
RUSMARC
00004114nmc2a2200000 x 450
00101a97e8b-1969-4e57-885e-46487fa09b27
00520170124222105.0
100##$a20140324l18651865k l0rusy0189 ca
1010#$arus
102##$aRU
2001#$aДело о выкупе земельных наделов временнообязанными крестьянами К.Н. Франчковской и З.А. Ленской села Ивановского Болховского уезда Орловской губернии
$j4 июня - 3 ноября 1865 г.
251##$cДело
300##$aДело
300##$aОриг. заголовок дела: Дело Франчковской К.Н. и Ленской З.А. Орловской губернии Болховского уезда села Ивановского. 4 июня 1865 г. - 3 ноября 1865 г
801#0$aRU
$bРГИА
$c20140324
$gRCR
801#1$aRU
$bГлавНИВЦ
$c20140324
$2rusmarc
801#2$aRU
$bПБ им. Б.Н. Ельцина
$c20170124
$gRCR
$2rusmarc
850##$aРГИА
852##$aРГИА
$eФедеральное казенное учреждение "Российский государственный исторический архив" (РГИА)
$j264
937##$hРГИА
$d11074925
$aASBIBLIO_SCAN
462#0$10012327ab3a-0548-404e-b4cb-e37355ac5039
$12001
$a1863-1889 гг.
$1251
$cОпись
$1852
$j26
461#0$10018ef30ad5-ff5c-4840-a721-74c62a200f95
$12001
$aГлавное выкупное учреждение Министерства финансов
$1251
$cФонд
$1852
$j577
215##$a46 л.
$d36,5х26 см
371##$aДокумент не является опубликованным и широко распространяемым
105##$ay###
1222#$ad
5171#$aДело Франчковской К.Н. и Ленской З.А. Орловской губернии Болховского уезда села Ивановского. 4 июня 1865 г. - 3 ноября 1865 г.
035##$a01a97e8b-1969-4e57-885e-46487fa09b27
856##$uhttp://readingroom.main.prlib.ru/item.aspx?id_node=n94881152&mode=full
Формат отображения